000 00980cam a2200229 4500
001 10003
005 20230410102054.0
008 060907n2005 dr spa
040 _aspa
020 _a9945412027
020 _a9789945412024
050 1 4 _a118 JL 1132
_bR426m 2005
110 2 _aRepública Dominicana.
_bSecretariado Técnico de la Presidencia.
_bOficina Nacional de Administración y Personal
245 1 0 _aManual general de cargos civiles clasificados del Poder Ejecutivo /
_cSecretariado Técnico de la Presidencia, Oficina Nacional de Administración y Personal.
260 _aSanto Domingo :
_bOficina Nacional de Administración y Personal,
_c2005
300 _a381 p. ;
_b23 cm.
650 0 _aCivil service
_zDominican Republic
650 0 _aCivil service positions
_zDominican Republic
_xClassification.
651 0 _aDominican Republic
_xOfficials and employees |
651 0 _aDominican Republic
_xOfficials and employees
_xRating of.
942 _2lcc
_cbk
999 _c18502
_d18502